Poplatky ako príjem štátneho rozpočtu

Poplatky ako historicky najstarší druh štátnych príjmov. Vymedzenie poplatku. Medzinárodná zmluva má prednosť pred poplatkovými zákonmi. Rozpočtové určenie platieb získaných výberom poplatkov. Druhy poplatkov a oslobodenie od poplatkov. Sadzobník poplatkov. Vznik poplatkovej povinnosti, platenie pop...

Ausführliche Beschreibung

Gespeichert in:
Bibliographische Detailangaben
1. Verfasser: Kubincová, Soňa
Format: Buchkapitel
Sprache:Slowakisch
Schlagworte:
Tags: Tag hinzufügen
Keine Tags, Fügen Sie das erste Tag hinzu!

MARC

LEADER 00000naa a2200000 4500
001 0145081
005 20231120121659.4
041 0 |a slo 
044 |a SK 
245 1 0 |a Poplatky ako príjem štátneho rozpočtu  |c Soňa Kubincová 
520 |a Poplatky ako historicky najstarší druh štátnych príjmov. Vymedzenie poplatku. Medzinárodná zmluva má prednosť pred poplatkovými zákonmi. Rozpočtové určenie platieb získaných výberom poplatkov. Druhy poplatkov a oslobodenie od poplatkov. Sadzobník poplatkov. Vznik poplatkovej povinnosti, platenie poplatku. 
610 2 0 |a poplatky 
610 2 0 |a príjmy rozpočtu štátneho 
100 1 |a Kubincová, Soňa